000
00251nam a2200109Ia 4500
008
190216s9999||||xx |||||||||||||| ||und||
100
_a
Kanam E J
245
0
_a
Malayalam-Puthiyamannu
260
_b
S N V Book Deppo
650
_a
Malayalam
942
_c
BK
999
_c
25109
_d
25109